Vedení lidí, týmů a firem praktický atlas managementu

Saved in:
Bibliographic Details
Main Author: Plamínek, Jiří
Format: Book
Language:Czech
Published: Praha Grada Publishing 2018
Edition:5. aktualizované a rozšířené vydání
Subjects:
Tags: Add Tag
No Tags, Be the first to tag this record!

MARC

LEADER 00000nam a2200000 4500
001 0247169
005 20240312130319.1
020 |a 978-80-271-0629-5 
041 0 |a cze 
044 |a CZ 
245 1 0 |a Vedení lidí, týmů a firem  |b praktický atlas managementu  |c Jiří Plamínek 
250 |a 5. aktualizované a rozšířené vydání 
264 1 |a Praha  |b Grada Publishing  |c 2018 
300 |a 204 s. 
610 2 0 |a pracovníci riadiaci 
610 2 0 |a manažéri 
610 2 0 |a firmy 
610 2 0 |a riadenie podnikové 
610 2 0 |a efektívnosť 
610 2 0 |a vedenie ľudí 
610 2 0 |a motivácia 
610 2 0 |a skupiny pracovné 
610 2 0 |a konflikty 
610 2 0 |a riadenie zmien 
100 1 |a Plamínek, Jiří